|
|
|
|
| LEADER |
00000nab a2200000 a 4500 |
| 001 |
vtls000640736 |
| 003 |
SK-MaSNL |
| 005 |
20260304094923.0 |
| 008 |
250425c1997 xo 0 slo |
| 015 |
|
|
|a SNBRB19rr/mm-uuuuu
|
| 035 |
|
|
|a CL0640875
|
| 035 |
|
|
|a urn:nbn:sk:snk-abbr96
|
| 035 |
|
|
|a (urnnbn)urn:nbn:sk:snk:ar-0000v9
|
| 035 |
|
|
|a (uuid)72e55139-8ac7-4369-8d09-f211a7c8e454
|
| 040 |
|
|
|a SNKBUCL
|b slo
|c SNKBUCL
|e AACR2
|
| 041 |
0 |
|
|a slo
|
| 044 |
|
|
|a xo
|c SK
|
| 080 |
|
|
|a 82(091):885.4"1966"
|2 1981
|
| 080 |
|
|
|a 885.4(091)"1966"
|2 1981
|
| 080 |
|
|
|a 82.09:885.4-3
|2 1981
|
| 080 |
|
|
|a 885.4-3.09
|2 1981
|
| 100 |
1 |
|
|a Hochel, Igor,
|d 1953-
|4 aut
|9 101382
|
| 245 |
1 |
0 |
|a Narcis v súdobej kritike
|c Igor Hochel
|
| 300 |
|
|
|b Lit. v pozn. Inform. o aut.
|
| 600 |
1 |
7 |
|a Sloboda, Rudolf,
|d 1938-1995
|t Narcis
|2 snkbucl
|9 1315588
|
| 655 |
|
7 |
|a články z novín a časopisov
|2 snkbucl
|9 267496
|
| 773 |
0 |
|
|t Romboid
|g Roč. 32, č. 5-6 (1997), s. 106-111
|x 0231-6714
|
| 850 |
|
|
|a Slovenská národná knižnica
|
| 852 |
|
|
|a Slovenská národná knižnica
|
| 958 |
|
|
|a article15
|
| 958 |
|
|
|a OND
|
| 958 |
|
|
|a LX
|
| 958 |
|
|
|a SK
|
| 958 |
|
|
|a NB
|
| 958 |
|
|
|a RK
|
| 958 |
|
|
|a EUIPO
|
| 992 |
|
|
|a RBX
|
| 999 |
|
|
|c 2829690
|d 2831620
|